[Event "FIDE World Youth U16 Chess Olympiad SLOVAKIA 2016"]
[Site "Poprad Tatry SLOVAKIA"]
[Date "2016.07.27"]
[Round "7"]
[Board "4"]
[White "Fajtakova, Silvia"]
[Black "Simonova, Stela"]
[Result "1-0"]
[WhiteElo "1177"]
[BlackElo "1427"]
[PlyCount "63"]
[EventDate "2016.07.22"]
[EventType "team"]
[EventRounds "9"]
[EventCountry "SVK"]
[WhiteTeam "Slovakia BSZ"]
[BlackTeam "Slovakia KSZ"]

1. e4 e6 2. d4 d5 3. Nc3 Bb4 4. e5 Ne7 5. Bd2 Bd7 6. Bd3 a6 7. Nf3 Bxc3 8. Bxc3
Bb5 9. Bxb5+ axb5 10. Qe2 c6 11. O-O Nd7 12. Bd2 Ng6 13. b3 O-O 14. c4 bxc4 15.
bxc4 Nb6 16. c5 Nc4 17. Bg5 Qa5 18. Nh4 Nxh4 19. Bxh4 b6 20. cxb6 Qxb6 21. Qg4
Kh8 22. Be7 Rfe8 23. Bc5 Qc7 24. Rfd1 Rab8 25. Rd3 Rb2 26. Rg3 g6 27. Qg5 Reb8
28. h3 Re8 29. Qh6 Kg8 30. Rg4 Reb8 31. Rh4 Rb1+ 32. Rxb1 1-0

[Event "FIDE World Youth U16 Chess Olympiad SLOVAKIA 2016"]
[Site "Poprad Tatry SLOVAKIA"]
[Date "2016.07.27"]
[Round "7"]
[Board "1"]
[White "Holly, Andrej"]
[Black "Kardis, Benjamin"]
[Result "1/2-1/2"]
[WhiteElo "1783"]
[BlackElo "1720"]
[PlyCount "60"]
[EventDate "2016.07.22"]
[EventType "team"]
[EventRounds "9"]
[EventCountry "SVK"]
[WhiteTeam "Slovakia LSS B"]
[BlackTeam "Slovakia PSZ"]

1. Nf3 Nf6 2. g3 d5 3. Bg2 c6 4. O-O e6 5. d3 Bd6 6. Nbd2 e5 7. e4 dxe4 8. dxe4
Be6 9. c3 O-O 10. Qc2 Qe7 11. Rd1 Na6 12. b4 Rad8 13. Nf1 h6 14. Ne3 Bc7 15.
Bb2 Rxd1+ 16. Rxd1 Rd8 17. Rxd8+ Qxd8 18. a4 Qc8 19. Nh4 Qd7 20. Bc1 Ng4 21.
Nhf5 Bxf5 22. Nxf5 Bb6 23. Bh3 h5 24. Bxg4 hxg4 25. Qe2 g6 26. Qxg4 Qd3 27.
Ne7+ Kf8 28. Bg5 Kg7 29. Qh3 Qb1+ 30. Kg2 Qxe4+ 1/2-1/2

[Event "FIDE World Youth U16 Chess Olympiad SLOVAKIA 2016"]
[Site "Poprad Tatry SLOVAKIA"]
[Date "2016.07.27"]
[Round "7"]
[Board "2"]
[White "Panko, Eduard"]
[Black "Taragelova, Martina"]
[Result "1/2-1/2"]
[WhiteElo "1712"]
[BlackElo "1626"]
[PlyCount "150"]
[EventDate "2016.07.22"]
[EventType "team"]
[EventRounds "9"]
[EventCountry "SVK"]
[WhiteTeam "Slovakia PSZ"]
[BlackTeam "Slovakia LSS B"]

1. c4 e5 2. Nc3 Nf6 3. g3 d5 4. cxd5 Nxd5 5. Bg2 Nb6 6. b3 Be7 7. Bb2 O-O 8.
Nf3 Nc6 9. O-O Be6 10. d3 f6 11. Rc1 Qd7 12. Re1 Nd4 13. Nxd4 exd4 14. Ne4 c6
15. Nc5 Bxc5 16. Rxc5 Rfe8 17. Qd2 Qd6 18. Qc1 Bg4 19. Rc2 Re6 20. Ba3 Qc7 21.
Qb2 Rd8 22. Rc5 Ree8 23. Rc2 Bf5 24. Rec1 Be6 25. Bc5 Qd7 26. Bxb6 axb6 27. Qa3
Qd6 28. Qa7 Qc7 29. Rxc6 Ra8 30. Rxc7 Rxa7 31. R1c2 Bg4 32. Kf1 Be6 33. Rxb7
Bxb3 34. Rxa7 Bxc2 35. Bd5+ Kh8 36. Ra8 Rxa8 37. Bxa8 Ba4 38. Bd5 g6 39. Ke1
Kg7 40. Kd2 Kf8 41. e3 dxe3+ 42. fxe3 Ke7 43. Kc3 Kd6 44. Kd4 h6 45. Bf7 g5 46.
Ke4 Bd7 47. Kd4 Bb5 48. e4 Bd7 49. Ke3 Ba4 50. d4 Bc2 51. Bb3 Bb1 52. a4 Ke7
53. d5 Kd7 54. h4 Ke7 55. hxg5 hxg5 56. Kd4 Kd6 57. Bd1 Ba2 58. g4 Bb1 59. Bb3
Ke7 60. e5 fxe5+ 61. Kxe5 Bd3 62. d6+ Kd8 63. Be6 Bc2 64. Kf6 Bxa4 65. Kxg5 b5
66. Kf6 b4 67. g5 b3 68. Bf5 b2 69. g6 Bb3 70. g7 Bg8 71. Ke5 Bf7 72. Kd4 Bg8
73. Kc3 b1=Q 74. Bxb1 Kd7 75. Kd4 Kxd6 1/2-1/2

[Event "FIDE World Youth U16 Chess Olympiad SLOVAKIA 2016"]
[Site "Poprad Tatry SLOVAKIA"]
[Date "2016.07.27"]
[Round "7"]
[Board "3"]
[White "Pogadl, Jakub"]
[Black "Cisko, Miloslav"]
[Result "1-0"]
[WhiteElo "1422"]
[BlackElo "1631"]
[PlyCount "109"]
[EventDate "2016.07.22"]
[EventType "team"]
[EventRounds "9"]
[EventCountry "SVK"]
[WhiteTeam "Slovakia LSS B"]
[BlackTeam "Slovakia PSZ"]

1. c4 e5 2. Nc3 Nc6 3. g3 Nf6 4. Bg2 d6 5. e3 Be6 6. b3 Qd7 7. Bb2 O-O-O 8.
Nge2 h5 9. d3 Be7 10. Qd2 d5 11. cxd5 Nxd5 12. d4 exd4 13. exd4 Bf6 14. Rd1 h4
15. Ne4 h3 16. Bf3 Bg4 17. Nc5 Qf5 18. Be4 Qh5 19. Qd3 Bxe2 20. Qxe2 Qxe2+ 21.
Kxe2 Rhe8 22. f3 Ndb4 23. a3 Nc2 24. d5 Bxb2 25. dxc6 Nd4+ 26. Rxd4 bxc6 27.
Rxd8+ Kxd8 28. Rd1+ Kc8 29. Kf1 g6 30. Bxc6 Rh8 31. Rd7 Bxa3 32. Na6 Bd6 33.
Rxf7 Bxg3 34. hxg3 h2 35. Rxc7+ Kd8 36. f4 h1=Q+ 37. Bxh1 Rxh1+ 38. Kg2 Rb1 39.
Rxa7 Rxb3 40. Kh3 Ra3 41. Kg4 Ra5 42. Nb8 Rc5 43. Nd7 Rc6 44. Ne5 Rb6 45. Rg7
Ke8 46. Rxg6 Rb4 47. Rg7 Rb3 48. Kh4 Kf8 49. Ra7 Kg8 50. g4 Rb1 51. Kg5 Rb6 52.
f5 Kh8 53. f6 Rb8 54. f7 Rc8 55. f8=Q+ 1-0

[Event "FIDE World Youth U16 Chess Olympiad SLOVAKIA 2016"]
[Site "Poprad Tatry SLOVAKIA"]
[Date "2016.07.27"]
[Round "7"]
[Board "4"]
[White "Liscinska, Lucia"]
[Black "Datelova, Daniela"]
[Result "1/2-1/2"]
[WhiteElo "1619"]
[BlackElo "1272"]
[PlyCount "84"]
[EventDate "2016.07.22"]
[EventType "team"]
[EventRounds "9"]
[EventCountry "SVK"]
[WhiteTeam "Slovakia PSZ"]
[BlackTeam "Slovakia LSS B"]

1. e4 d5 2. exd5 Nf6 3. d4 Nxd5 4. c4 Nf6 5. h3 Bf5 6. Nc3 e6 7. Nf3 Nc6 8. Be2
Bb4 9. a3 Bxc3+ 10. bxc3 O-O 11. O-O Ne4 12. Bb2 Qf6 13. Bd3 Qg6 14. Nh4 Qg5
15. Nxf5 exf5 16. Re1 Rfe8 17. Bxe4 fxe4 18. Re3 f5 19. Qd2 f4 20. Ree1 Qf5 21.
Kh2 g5 22. g3 h5 23. gxf4 gxf4 24. Rg1+ Kh7 25. Rg2 Rg8 26. Rag1 Ne7 27. Rxg8
Rxg8 28. Rxg8 Kxg8 29. Qe1 Kh7 30. Qg1 Ng6 31. Qf1 Nh4 32. d5 Nf3+ 33. Kg2 Qg5+
34. Kh1 Nd2 35. Qg2 Qf5 36. Bc1 Nxc4 37. Qh2 Nd6 38. Bxf4 Qxd5 39. Qg2 Qd1+ 40.
Kh2 Qd5 41. Qg3 Qf5 42. Be5 Qf7 1/2-1/2

[Event "FIDE World Youth U16 Chess Olympiad SLOVAKIA 2016"]
[Site "Poprad Tatry SLOVAKIA"]
[Date "2016.07.27"]
[Round "7"]
[Board "1"]
[White "Michaelides, Konstantinos"]
[Black "Mirza, Diana"]
[Result "1/2-1/2"]
[WhiteElo "2154"]
[BlackElo "1889"]
[PlyCount "69"]
[EventDate "2016.07.22"]
[EventType "team"]
[EventRounds "9"]
[EventCountry "SVK"]
[WhiteTeam "Cyprus"]
[BlackTeam "Ireland"]

1. e4 c5 2. Nf3 e6 3. d4 cxd4 4. Nxd4 Nc6 5. Nxc6 bxc6 6. Bd3 e5 7. O-O Nf6 8.
Nd2 Bc5 9. Nc4 d6 10. h3 Be6 11. Qf3 O-O 12. Be3 Bxe3 13. fxe3 Bxc4 14. Bxc4
Qb6 15. b3 d5 16. Bd3 Rad8 17. Kh1 dxe4 18. Bxe4 Nxe4 19. Qxe4 Qc5 20. Rad1 f6
21. c4 Rd6 22. Rd3 Rfd8 23. Rfd1 g6 24. g4 Kf7 25. Rxd6 Rxd6 26. Rxd6 Qxd6 27.
Qc2 c5 28. Qg2 Ke6 29. Qa8 Qd1+ 30. Kg2 Qe2+ 31. Kh1 Qf1+ 32. Kh2 Qf2+ 33. Kh1
Qf1+ 34. Kh2 Qf2+ 35. Kh1 1/2-1/2

[Event "FIDE World Youth U16 Chess Olympiad SLOVAKIA 2016"]
[Site "Poprad Tatry SLOVAKIA"]
[Date "2016.07.27"]
[Round "7"]
[Board "2"]
[White "Copeland, Dean"]
[Black "Hadjinicolaou, Andreas"]
[Result "1/2-1/2"]
[WhiteElo "1763"]
[BlackElo "1618"]
[PlyCount "93"]
[EventDate "2016.07.22"]
[EventType "team"]
[EventRounds "9"]
[EventCountry "SVK"]
[WhiteTeam "Ireland"]
[BlackTeam "Cyprus"]

1. e4 c5 2. d4 cxd4 3. c3 dxc3 4. Nxc3 e6 5. Nf3 Nc6 6. Bc4 a6 7. O-O b5 8. Bb3
Bc5 9. Qe2 Nge7 10. Rd1 O-O 11. e5 Ng6 12. Ne4 Be7 13. Nd6 Bxd6 14. Rxd6 Qc7
15. Rd1 Ngxe5 16. Nxe5 Qxe5 17. Qxe5 Nxe5 18. Bf4 Ng6 19. Bd6 Rd8 20. a4 Bb7
21. axb5 axb5 22. Rxa8 Bxa8 23. Bc7 Rc8 24. Rxd7 Bc6 25. Rd8+ Rxd8 26. Bxd8 Kf8
27. f3 Nf4 28. Bc2 h6 29. Kf2 Ke8 30. Ba5 Kd7 31. Bd2 Nd5 32. Bb3 Kd6 33. Bxd5
Kxd5 34. Bc3 g6 35. Ke3 e5 36. g3 h5 37. h4 Ke6 38. f4 e4 39. Kf2 Kd5 40. Ke3
Kc4 41. Kd2 Kb3 42. Bd4 Kc4 43. Bc3 Kc5 44. Ke3 Kd5 45. Bf6 Ke6 46. Bc3 Kf5 47.
Be1 1/2-1/2

[Event "FIDE World Youth U16 Chess Olympiad SLOVAKIA 2016"]
[Site "Poprad Tatry SLOVAKIA"]
[Date "2016.07.27"]
[Round "7"]
[Board "4"]
[White "Goss, Alex"]
[Black "Ioannides Liu, Lian"]
[Result "1-0"]
[WhiteElo "1618"]
[BlackElo "1289"]
[PlyCount "53"]
[EventDate "2016.07.22"]
[EventType "team"]
[EventRounds "9"]
[EventCountry "SVK"]
[WhiteTeam "Ireland"]
[BlackTeam "Cyprus"]

1. d4 Nf6 2. c4 e6 3. Nf3 Nc6 4. Bg5 Be7 5. e3 O-O 6. Nc3 b6 7. a3 d5 8. Rc1
Bb7 9. Bd3 Nd7 10. Bxe7 Nxe7 11. O-O dxc4 12. Bxc4 Nf6 13. Re1 Ned5 14. Nxd5
Bxd5 15. Bxd5 Nxd5 16. e4 Ne7 17. b4 Qd6 18. Re3 Rab8 19. Rec3 Rb7 20. Qd3 b5
21. Ng5 Qd7 22. e5 Rd8 23. Qxh7+ Kf8 24. Rf3 Qxd4 25. Nxe6+ Ke8 26. Nxd4 Rxd4
27. Qxg7 1-0

[Event "FIDE World Youth U16 Chess Olympiad SLOVAKIA 2016"]
[Site "Poprad Tatry SLOVAKIA"]
[Date "2016.07.28"]
[Round "8"]
[Board "1"]
[White "Maghsoodloo, Parham"]
[Black "Djordjevic, Vuk"]
[Result "1-0"]
[WhiteElo "2501"]
[BlackElo "2415"]
[PlyCount "73"]
[EventDate "2016.07.22"]
[EventType "team"]
[EventRounds "9"]
[EventCountry "SVK"]
[WhiteTeam "Iran"]
[BlackTeam "Serbia"]

1. Nf3 d5 2. e3 c5 3. b3 Nc6 4. Bb5 Nf6 5. O-O Bg4 6. Bb2 e6 7. h3 Bxf3 8. Qxf3
a6 9. Bxc6+ bxc6 10. c4 Bd6 11. Nc3 O-O 12. Na4 Nd7 13. Rac1 Qe7 14. Rc2 f5 15.
d3 f4 16. Re1 Be5 17. exf4 Rxf4 18. Qd1 Bxb2 19. Rxb2 Raf8 20. Rbe2 Qf6 21. Qd2
e5 22. cxd5 cxd5 23. Rc1 Qc6 24. Nxc5 Nxc5 25. b4 Nb3 26. axb3 Qd6 27. Rc5 R4f5
28. Qc3 Rg5 29. Rc8 h6 30. Rxf8+ Kxf8 31. Qc5 Qe7 32. Qc8+ Kf7 33. f4 Rh5 34.
Qg4 Rh4 35. Qf5+ Qf6 36. Qd7+ Kg8 37. g3 1-0

[Event "FIDE World Youth U16 Chess Olympiad SLOVAKIA 2016"]
[Site "Poprad Tatry SLOVAKIA"]
[Date "2016.07.28"]
[Round "8"]
[Board "2"]
[White "Ivic, Velimir"]
[Black "Firouzja, Alireza"]
[Result "0-1"]
[WhiteElo "2315"]
[BlackElo "2481"]
[PlyCount "90"]
[EventDate "2016.07.22"]
[EventType "team"]
[EventRounds "9"]
[EventCountry "SVK"]
[WhiteTeam "Serbia"]
[BlackTeam "Iran"]

1. e4 c5 2. Nf3 d6 3. d4 cxd4 4. Nxd4 Nf6 5. Nc3 a6 6. h3 e6 7. g4 d5 8. exd5
Nxd5 9. Nde2 Bb4 10. Bg2 O-O 11. O-O Nxc3 12. Nxc3 Qc7 13. Qd4 Bd6 14. Be3 Bd7
15. Rad1 Bh2+ 16. Kh1 Be5 17. Qb6 Bc6 18. Qxc7 Bxc7 19. Ne4 b5 20. b3 a5 21.
Rd2 f5 22. Ng5 f4 23. Bxc6 fxe3 24. Bxa8 exd2 25. Ne4 Bf4 26. Kg2 Rc8 27. Kf3
g5 28. c3 Nd7 29. Bb7 Rb8 30. Ba6 Rb6 31. Bc8 Nb8 32. h4 h6 33. hxg5 hxg5 34.
Rh1 Rc6 35. Bb7 Rc7 36. Ke2 Be5 37. Ba8 Ra7 38. Rh6 Rxa8 39. Rxe6 Bf4 40. Nxg5
Nd7 41. Nf3 Nc5 42. Rf6 Rd8 43. Nd4 Be5 44. Rg6+ Kf7 45. Rc6 Bxd4 0-1

[Event "FIDE World Youth U16 Chess Olympiad SLOVAKIA 2016"]
[Site "Poprad Tatry SLOVAKIA"]
[Date "2016.07.28"]
[Round "8"]
[Board "3"]
[White "Gholami, Aryan"]
[Black "Injac, Teodora"]
[Result "1/2-1/2"]
[WhiteElo "2454"]
[BlackElo "2215"]
[PlyCount "55"]
[EventDate "2016.07.22"]
[EventType "team"]
[EventRounds "9"]
[EventCountry "SVK"]
[WhiteTeam "Iran"]
[BlackTeam "Serbia"]

1. Nf3 Nf6 2. g3 g6 3. Bg2 Bg7 4. O-O O-O 5. d3 c5 6. e4 d6 7. c3 Nc6 8. Nbd2
Rb8 9. Re1 b5 10. a3 Qb6 11. Nf1 a5 12. d4 cxd4 13. cxd4 d5 14. exd5 Nxd5 15.
Ne3 Be6 16. Ng5 Rbd8 17. Nxe6 fxe6 18. Nxd5 exd5 19. Re6 Rf6 20. Qe1 Kf7 21.
Re2 Kg8 22. Bg5 Rf5 23. Bxe7 Nxe7 24. Rxe7 Bxd4 25. Re8+ Rxe8 26. Qxe8+ Kg7 27.
Rd1 Bxb2 28. Kh1 1/2-1/2

[Event "FIDE World Youth U16 Chess Olympiad SLOVAKIA 2016"]
[Site "Poprad Tatry SLOVAKIA"]
[Date "2016.07.28"]
[Round "8"]
[Board "4"]
[White "Omorjan, Dejan"]
[Black "Tahbaz, Arash"]
[Result "0-1"]
[WhiteElo "2201"]
[BlackElo "2406"]
[PlyCount "88"]
[EventDate "2016.07.22"]
[EventType "team"]
[EventRounds "9"]
[EventCountry "SVK"]
[WhiteTeam "Serbia"]
[BlackTeam "Iran"]

1. d4 Nf6 2. c4 d6 3. Nc3 Nbd7 4. e4 e5 5. Nf3 g6 6. Be2 Bg7 7. O-O O-O 8. Be3
h6 9. dxe5 dxe5 10. Nd2 b6 11. Qc2 c6 12. Rfd1 Qe7 13. a3 Nc5 14. b4 Ne6 15.
Nb3 Nf4 16. c5 Nxe2+ 17. Qxe2 Be6 18. Rab1 Ng4 19. Rd6 Rfc8 20. Nd2 Bf8 21. Nf3
Rab8 22. Rbd1 Qf6 23. R6d2 Nxe3 24. Qxe3 bxc5 25. bxc5 Rb3 26. a4 Qf4 27. Qxf4
exf4 28. Ne2 Bg4 29. Nfd4 Bxe2 30. Nxe2 Rb4 31. Rd4 Rxd4 32. Rxd4 Bxc5 33. Rc4
Rd8 34. h3 Rd1+ 35. Kh2 Bxf2 36. Nxf4 Be3 37. g3 Rd2+ 38. Ng2 c5 39. Rc3 Bd4
40. Rc4 Rb2 41. h4 Rb4 42. Rxb4 cxb4 43. Nf4 b3 44. Nd3 b2 0-1

[Event "FIDE World Youth U16 Chess Olympiad SLOVAKIA 2016"]
[Site "Poprad Tatry SLOVAKIA"]
[Date "2016.07.28"]
[Round "8"]
[Board "1"]
[White "Golubov, Saveliy"]
[Black "Makhnyov, Denis"]
[Result "1-0"]
[WhiteElo "2497"]
[BlackElo "2351"]
[PlyCount "85"]
[EventDate "2016.07.22"]
[EventType "team"]
[EventRounds "9"]
[EventCountry "SVK"]
[WhiteTeam "Russia"]
[BlackTeam "Kazakhstan"]

1. d4 d5 2. Nf3 Nf6 3. Bf4 Nc6 4. c4 dxc4 5. e3 Bg4 6. Bxc4 e6 7. Nc3 Bd6 8.
Bg5 O-O 9. O-O e5 10. dxe5 Bxf3 11. Qxf3 Nxe5 12. Qe2 h6 13. Bh4 Ng6 14. Bg3
Bxg3 15. hxg3 c6 16. Rad1 Qb6 17. Rd2 Ne5 18. Bb3 Rad8 19. Rfd1 Rfe8 20. Rd4
Qa5 21. Ne4 Nxe4 22. Rxe4 Kf8 23. Rxd8 Qxd8 24. Qh5 Qc7 25. f4 Nd3 26. Rxe8+
Kxe8 27. Qf5 Qd7 28. Qh7 Nc5 29. Qg8+ Ke7 30. Qxf7+ Kd6 31. Qc4 Qe7 32. Qd4+
Kc7 33. Bc2 b6 34. b4 Nd7 35. e4 Nf6 36. e5 Nd5 37. a3 a5 38. bxa5 Qxa3 39.
axb6+ Nxb6 40. e6 Qxg3 41. Qe5+ Kd8 42. e7+ Ke8 43. Qe6 1-0

[Event "FIDE World Youth U16 Chess Olympiad SLOVAKIA 2016"]
[Site "Poprad Tatry SLOVAKIA"]
[Date "2016.07.28"]
[Round "8"]
[Board "2"]
[White "Turar, Dastan"]
[Black "Esipenko, Andrey"]
[Result "0-1"]
[WhiteElo "2266"]
[BlackElo "2477"]
[PlyCount "130"]
[EventDate "2016.07.22"]
[EventType "team"]
[EventRounds "9"]
[EventCountry "SVK"]
[WhiteTeam "Kazakhstan"]
[BlackTeam "Russia"]

1. d4 d5 2. c4 c6 3. cxd5 cxd5 4. Bf4 Nc6 5. e3 Nf6 6. Nc3 Bg4 7. Qb3 Na5 8.
Qa4+ Bd7 9. Qc2 Rc8 10. Bd3 e6 11. Nf3 Nc6 12. a3 Be7 13. O-O Nh5 14. Be5 f6
15. Bg3 f5 16. Be5 Nf6 17. Bxf6 Bxf6 18. b4 O-O 19. Qb3 Be8 20. Rac1 Bh5 21.
Na4 f4 22. Nc5 Qe7 23. b5 Na5 24. Qb4 b6 25. Na6 Qf7 26. Qd6 fxe3 27. fxe3 Be7
28. Qe5 Rxc1 29. Rxc1 Bxf3 30. gxf3 Nc4 31. Bxc4 dxc4 32. f4 Qg6+ 33. Kf2 Rf5
34. Qe4 Bd6 35. Qg2 Qxg2+ 36. Kxg2 Rxb5 37. Rxc4 Ra5 38. Nc7 b5 39. Rc6 Bxc7
40. Rxc7 Rxa3 41. Rb7 Rxe3 42. Rxb5 Re4 43. Rb8+ Kf7 44. Rb7+ Kf6 45. Kf3 Rxd4
46. Rxa7 Rd3+ 47. Kg2 h6 48. Ra5 Rd5 49. Ra3 Kf5 50. Kf3 g6 51. h4 Rb5 52. Rc3
h5 53. Ra3 Kf6 54. Rc3 Rb1 55. Kg2 Kf5 56. Re3 Rb4 57. Re5+ Kxf4 58. Rg5 Rb2+
59. Kg1 e5 60. Rxg6 e4 61. Rg5 Kf3 62. Rxh5 Rb1+ 63. Kh2 e3 64. Rf5+ Ke4 65.
Rf8 e2 0-1

[Event "FIDE World Youth U16 Chess Olympiad SLOVAKIA 2016"]
[Site "Poprad Tatry SLOVAKIA"]
[Date "2016.07.28"]
[Round "8"]
[Board "3"]
[White "Sarana, Alexey"]
[Black "Agmanov, Zhandos"]
[Result "1-0"]
[WhiteElo "2422"]
[BlackElo "2310"]
[PlyCount "81"]
[EventDate "2016.07.22"]
[EventType "team"]
[EventRounds "9"]
[EventCountry "SVK"]
[WhiteTeam "Russia"]
[BlackTeam "Kazakhstan"]

1. d4 Nf6 2. Nf3 e6 3. Bf4 d5 4. e3 Be7 5. Bd3 b6 6. Ne5 Bb7 7. Nd2 a6 8. h4 c5
9. c3 Nbd7 10. h5 Nxe5 11. Bxe5 Bd6 12. h6 g6 13. Nf3 Bxe5 14. Nxe5 Nd7 15. f4
Nxe5 16. fxe5 f5 17. exf6 Qxf6 18. Qa4+ Ke7 19. dxc5 b5 20. Qg4 Rhf8 21. Kd2 e5
22. Rhf1 Qe6 23. Qg5+ Kd7 24. Be2 Rf5 25. Rxf5 gxf5 26. Rf1 Rg8 27. Qxf5 Qxf5
28. Rxf5 Ke6 29. g4 e4 30. b4 Bc6 31. Ke1 Be8 32. Kf2 Bg6 33. Rf4 Be8 34. Kg3
Rg6 35. Rf8 Ke7 36. Rf5 Ke6 37. Kf4 Rxh6 38. Re5+ Kf7 39. Rxd5 Rh2 40. Rd2 Rf2+
41. Kg3 1-0

[Event "FIDE World Youth U16 Chess Olympiad SLOVAKIA 2016"]
[Site "Poprad Tatry SLOVAKIA"]
[Date "2016.07.28"]
[Round "8"]
[Board "4"]
[White "Suleymenov, Alisher"]
[Black "Obolentseva, Alexandra"]
[Result "0-1"]
[WhiteElo "2259"]
[BlackElo "2336"]
[PlyCount "84"]
[EventDate "2016.07.22"]
[EventType "team"]
[EventRounds "9"]
[EventCountry "SVK"]
[WhiteTeam "Kazakhstan"]
[BlackTeam "Russia"]

1. d4 Nf6 2. c4 g6 3. Nc3 Bg7 4. e4 d6 5. Be2 O-O 6. Bg5 c5 7. d5 h6 8. Bd2 a6
9. a4 e6 10. h3 exd5 11. exd5 Re8 12. Nf3 Bf5 13. O-O Ne4 14. Nxe4 Bxe4 15. Ra2
a5 16. Ne1 Na6 17. f3 Bf5 18. g4 Bd7 19. Nd3 Nb4 20. Nxb4 axb4 21. Bd3 Qf6 22.
Kg2 Qd4 23. Bc1 b5 24. b3 bxa4 25. Bb2 Qf4 26. Bxg7 Kxg7 27. bxa4 Qd4 28. Rff2
h5 29. Rfd2 hxg4 30. fxg4 Re3 31. Bf1 Qe4+ 32. Kf2 Re8 33. Qa1+ Kg8 34. Qf6 Qh1
35. Qf4 Re1 36. Bg2 Qg1+ 37. Kg3 R1e3+ 38. Kh4 Kg7 39. Qxd6 Qe1+ 40. Rf2 Rh8+
41. Kg5 Re5+ 42. Rf5 Qe3# 0-1

[Event "FIDE World Youth U16 Chess Olympiad SLOVAKIA 2016"]
[Site "Poprad Tatry SLOVAKIA"]
[Date "2016.07.28"]
[Round "8"]
[Board "1"]
[White "Martirosyan, Haik M."]
[Black "Raghunandan, Kaumandur Srihari"]
[Result "1/2-1/2"]
[WhiteElo "2450"]
[BlackElo "2403"]
[PlyCount "161"]
[EventDate "2016.07.22"]
[EventType "team"]
[EventRounds "9"]
[EventCountry "SVK"]
[WhiteTeam "Armenia"]
[BlackTeam "India"]

1. c4 e5 2. Nc3 Nf6 3. Nf3 Nc6 4. g3 Bb4 5. Bg2 O-O 6. O-O Re8 7. d3 Bxc3 8.
bxc3 e4 9. Ne1 h6 10. Nc2 exd3 11. exd3 d5 12. cxd5 Nxd5 13. Qd2 Bf5 14. d4 Qd7
15. Na3 Be4 16. c4 Bxg2 17. Kxg2 Nb6 18. Bb2 Nxc4 19. Nxc4 Qd5+ 20. Kg1 Qxc4
21. Rfc1 Qd5 22. Rc5 Qf3 23. Qc3 Qxc3 24. Bxc3 Ne7 25. Re1 f6 26. Rxc7 Nd5 27.
Rxe8+ Rxe8 28. Rc5 Rd8 29. Bd2 b6 30. Rc2 Kf7 31. Kf1 Re8 32. f3 Re3 33. Kf2
Rd3 34. Ke2 Rxd4 35. Bc1 Ra4 36. a3 b5 37. Kd3 Ke6 38. Rc8 Nb6 39. Rg8 Kf7 40.
Rb8 h5 41. Rb7+ Kg6 42. h3 Ra5 43. Kc3 Nc4 44. Kb3 a6 45. Re7 Ra4 46. g4 hxg4
47. fxg4 Ne5 48. Ra7 Nc6 49. Rd7 Nd4+ 50. Kb2 Nf3 51. Kb3 Re4 52. Ra7 Re6 53.
Bf4 Nd4+ 54. Kb2 Rc6 55. h4 Rc2+ 56. Kb1 Rg2 57. g5 Rg4 58. Bc1 Rxh4 59. Rxa6
Rh1 60. gxf6 gxf6 61. Kb2 Rh2+ 62. Kb1 Rh1 63. Kb2 Rh2+ 64. Kb1 Nb3 65. Bb2 Rf2
66. Rb6 Nd2+ 67. Kc1 Nb3+ 68. Kb1 Nd2+ 69. Kc1 Nc4 70. Rxb5 Nxb2 71. Rxb2 Rf1+
72. Kd2 Ra1 73. Rb3 Kg5 74. Ke2 f5 75. Kf2 Kg4 76. a4 Ra2+ 77. Kf1 f4 78. a5
Rxa5 79. Rc3 Ra2 80. Rb3 f3 81. Rb8 1/2-1/2

[Event "FIDE World Youth U16 Chess Olympiad SLOVAKIA 2016"]
[Site "Poprad Tatry SLOVAKIA"]
[Date "2016.07.28"]
[Round "8"]
[Board "2"]
[White "Iniyan, P"]
[Black "Hakobyan, Aram"]
[Result "1/2-1/2"]
[WhiteElo "2346"]
[BlackElo "2382"]
[PlyCount "91"]
[EventDate "2016.07.22"]
[EventType "team"]
[EventRounds "9"]
[EventCountry "SVK"]
[WhiteTeam "India"]
[BlackTeam "Armenia"]

1. d4 d5 2. c4 c6 3. Nf3 Nf6 4. Nc3 e6 5. cxd5 exd5 6. Bg5 Be7 7. e3 Bf5 8. Bd3
Bxd3 9. Qxd3 Nbd7 10. O-O O-O 11. Rfe1 Re8 12. Rad1 Ne4 13. Bxe7 Qxe7 14. Nd2
Nxd2 15. Rxd2 Qd6 16. e4 dxe4 17. Nxe4 Qd5 18. Rde2 Qxa2 19. h4 h6 20. Nd6 Rxe2
21. Rxe2 Nf6 22. Qg3 Qb1+ 23. Kh2 Rd8 24. Re7 Qg6 25. Nxf7 Qxg3+ 26. Kxg3 Rxd4
27. Rxb7 a5 28. Ne5 c5 29. Nc6 Rd3+ 30. f3 a4 31. Ra7 Rd2 32. Rxa4 Rxb2 33. Rc4
Nd7 34. Re4 Rc2 35. Re8+ Kh7 36. Rc8 Nb6 37. Rb8 Nd5 38. Rc8 Ne3 39. Ne5 c4 40.
Kf4 Nxg2+ 41. Kg4 Ne3+ 42. Kf4 Nd5+ 43. Ke4 Nf6+ 44. Kf5 Nd5 45. Ke6 Nf4+ 46.
Kf5 1/2-1/2

[Event "FIDE World Youth U16 Chess Olympiad SLOVAKIA 2016"]
[Site "Poprad Tatry SLOVAKIA"]
[Date "2016.07.28"]
[Round "8"]
[Board "3"]
[White "Sargsyan, Shant"]
[Black "Vaishali, R"]
[Result "1-0"]
[WhiteElo "2431"]
[BlackElo "2288"]
[PlyCount "101"]
[EventDate "2016.07.22"]
[EventType "team"]
[EventRounds "9"]
[EventCountry "SVK"]
[WhiteTeam "Armenia"]
[BlackTeam "India"]

1. d4 Nf6 2. c4 e6 3. Nf3 d5 4. Nc3 Nbd7 5. Bg5 Be7 6. e3 O-O 7. Rc1 c6 8. Qc2
a6 9. a3 h6 10. Bh4 dxc4 11. Bxc4 b5 12. Ba2 c5 13. dxc5 Nxc5 14. Bb1 Re8 15.
O-O g5 16. Rfd1 Qb6 17. Bg3 Bb7 18. Ne5 Nce4 19. Nd7 Nxd7 20. Nxe4 Nf8 21. Bc7
Qa7 22. Nd6 Bxd6 23. Bxd6 Rac8 24. Qe2 Rxc1 25. Rxc1 Qa8 26. Qh5 Rc8 27. Rd1
Be4 28. Qxh6 Ng6 29. Qxg5 Bxb1 30. Rxb1 Qe4 31. Rf1 Rc2 32. Qd8+ Kh7 33. Qf6
Kg8 34. Bb4 Rc6 35. Rd1 Qd5 36. Qd8+ Qxd8 37. Rxd8+ Kh7 38. Bc3 a5 39. g3 a4
40. h4 Kh6 41. Kg2 f5 42. Rb8 Rc5 43. Rb6 e5 44. Bb4 Rd5 45. Rd6 Rxd6 46. Bxd6
e4 47. f3 exf3+ 48. Kxf3 Kh5 49. e4 fxe4+ 50. Kxe4 Kg4 51. Kd4 1-0

[Event "FIDE World Youth U16 Chess Olympiad SLOVAKIA 2016"]
[Site "Poprad Tatry SLOVAKIA"]
[Date "2016.07.28"]
[Round "8"]
[Board "4"]
[White "Mitrabha, Guha"]
[Black "Mirzoyan, David"]
[Result "1/2-1/2"]
[WhiteElo "2227"]
[BlackElo "2297"]
[PlyCount "118"]
[EventDate "2016.07.22"]
[EventType "team"]
[EventRounds "9"]
[EventCountry "SVK"]
[WhiteTeam "India"]
[BlackTeam "Armenia"]

1. d4 Nf6 2. c4 e6 3. Nf3 b6 4. g3 Ba6 5. b3 Bb7 6. Bg2 Bb4+ 7. Bd2 a5 8. O-O
O-O 9. Nc3 d6 10. Re1 Nbd7 11. Qc2 Bxc3 12. Bxc3 Be4 13. Qd2 Qe7 14. Qe3 c5 15.
Red1 Rfd8 16. Bh3 d5 17. Nd2 Bc2 18. Rdc1 Bg6 19. Bg2 Kf8 20. cxd5 exd5 21.
Qxe7+ Kxe7 22. dxc5 Nxc5 23. Bd4 Rac8 24. Rc3 Rd6 25. Rac1 Nfd7 26. Nf1 Rd8 27.
Ne3 Ne6 28. Rd1 Nxd4 29. Rxd4 Nf6 30. f4 h5 31. h3 Ke6 32. g4 hxg4 33. hxg4 Be4
34. Bh3 Rh8 35. Bg2 Bxg2 36. Kxg2 g6 37. Rc7 Rhd8 38. Kf3 R8d7 39. Rc1 Ne8 40.
Rc3 Nc7 41. a4 Na6 42. g5 Rd8 43. Ng4 Ke7 44. Nf6 Nc5 45. Kg4 Ne6 46. Re3 Kf8
47. Rd1 d4 48. Re5 d3 49. e4 Rd4 50. Kf3 d2 51. Nd5 Rd3+ 52. Ke2 R8xd5 53. exd5
Nxf4+ 54. Kf2 Nxd5 55. Ke2 Nf4+ 56. Kf2 Nd5 57. Ke2 Nf4+ 58. Kf2 Nd5 59. Ke2
Nf4+ 1/2-1/2

[Event "FIDE World Youth U16 Chess Olympiad SLOVAKIA 2016"]
[Site "Poprad Tatry SLOVAKIA"]
[Date "2016.07.28"]
[Round "8"]
[Board "1"]
[White "Costachi, Mihnea"]
[Black "Liu, Yan"]
[Result "1/2-1/2"]
[WhiteElo "2420"]
[BlackElo "2402"]
[PlyCount "55"]
[EventDate "2016.07.22"]
[EventType "team"]
[EventRounds "9"]
[EventCountry "SVK"]
[WhiteTeam "Romania"]
[BlackTeam "China 1"]

1. d4 Nf6 2. c4 e6 3. Nf3 Bb4+ 4. Bd2 c5 5. Bxb4 cxb4 6. g3 O-O 7. Bg2 d6 8.
O-O a5 9. a3 Na6 10. axb4 Nxb4 11. Nc3 Qc7 12. b3 Bd7 13. e4 Rfd8 14. Qd2 Rac8
15. Rac1 b6 16. Rfd1 Be8 17. Qe3 Ng4 18. Qg5 Nh6 19. Bh3 Bd7 20. e5 Qb7 21. Bg2
d5 22. Nh4 Bc6 23. cxd5 Bxd5 24. Bxd5 Nxd5 25. Ne4 Qe7 26. Qxe7 Nxe7 27. Nd6
Rxc1 28. Rxc1 1/2-1/2